00781 2200193 4500001002100000005001500021035002000036245017900056100002600235250002000261300005800281856002800339700009200367260006800459082001000527084001600537020002200553600001200575INLIS00000000114741520260227084842 a0010-02260010351 aPENGARUH HUTAN DAN PENGELOLAAN DAERAH ALIRAN SUNGAI /cPenulis; Ria Rosdiana Hutagaol, Desain Cover; Ali Hasan Zein, Tata Letak; Titis Yuliyanti, Proofreader; Titis Yuliyanti0 aRia Rosdiana Hutagaol aCetakan Pertama aviii, 63 halaman :bIlustrasi ;c15.5 x 23 cmeKertas aPerpustakaan Keliling 10 aDesain Cover; Ali Hasan Zein, Tata Letak; Titis Yuliyanti, Proofreader; Titis Yuliyanti aYogyakarta :bDeepublish (Grup Penerbitan CV Budi utama),c2019 a634.9 a634.9 RIA p a978-623-02-0233-9 4aBIOLOGI